000
00232nam a22000857a 4500
008
161108b xxu||||| |||| 00| 0 eng d
100
_9
1052
_a
Shah.N.M.
245
_a
Statistics for Economics-X
260
_a
New Delhi
_b
Arya Publications
_c
2011
999
_c
3707
_d
3707